| 000 | 00433nam a2200157 i 4500 | ||
|---|---|---|---|
| 001 | 77163 | ||
| 003 | ES-MaACL | ||
| 005 | 20230906173113.0 | ||
| 007 | t| | ||
| 008 | 041007s1964 sp ||||1| spa d | ||
| 100 | 1 |
_aGutiérrez-Gili, Juan. _961153 |
|
| 245 | 1 | 0 |
_aPoesía y prosa en su vida / _cJuan Gutiérrez-Gili. |
| 260 |
_aBarcelona : _bPeñiscola, _c1964. |
||
| 300 |
_a89 p. ; _c17 cm. |
||
| 852 |
_aES-MaACL _jC-26127 _bR.54637 |
||
| 999 |
_c77163 _d77163 |
||